Pascal Problem Solving and Program Design
Guardado en:
| Autor principal: | |
|---|---|
| Formato: | Libro |
| Lenguaje: | inglés |
| Publicado: |
Reading
Addison-Wesley Pub. Co.
1989
|
| Edición: | 3. ed. |
| Etiquetas: |
Sin Etiquetas, Sea el primero en etiquetar este registro!
|
MARC
| LEADER | 00000nam a2200000 4500 | ||
|---|---|---|---|
| 001 | c040585 | ||
| 005 | 20250609102339.9 | ||
| 041 | 0 | |a eng | |
| 044 | |a GB | ||
| 245 | 1 | 0 | |a Pascal |b Problem Solving and Program Design |c Elliot B. Koffman |
| 250 | |a 3. ed. | ||
| 264 | 1 | |a Reading |b Addison-Wesley Pub. Co. |c 1989 | |
| 300 | |a 778 s. | ||
| 100 | 1 | |a Koffman, Elliot B. | |